|
|
|
|
| LEADER |
01321nam a22003012a 4500 |
| 001 |
001695922 |
| 003 |
CZ BrMZK |
| 005 |
20190722083519.0 |
| 007 |
ta |
| 008 |
190722s1954 xr er|||||||||||cze d |
| 015 |
|
|
|a cnb000716978
|
| 035 |
|
|
|a (OCoLC)85441411
|
| 040 |
|
|
|a ABA001
|b cze
|c ULG001
|d ABA001
|d BOA001
|
| 041 |
0 |
|
|a cze
|b lat
|b rus
|
| 100 |
1 |
|
|a Jedlička, Josef,
|d 1912-1959
|7 jk01051413
|4 aut
|
| 245 |
1 |
0 |
|a O proměnlivostí mechu Dolichotheca Seligeri (Bridel) Loeske ;
|b Příspěvek k monografii rodu Plagiothecium Bryol. eur. s. str. /
|c Josef Jedlička
|
| 260 |
|
|
|a Brno :
|b Přírodovědecká fakulta Masarykovy university,
|c 1954
|
| 300 |
|
|
|a S. 169-236 :
|b il. ;
|c 21 cm
|
| 490 |
1 |
|
|a Spisy vydávané Přírodovědeckou fakultou Masarykovy university. Ř. L ;
|v 8, 1954/5-6, č. 356
|
| 504 |
|
|
|a Obsahuje bibliografii
|
| 546 |
|
|
|a Ruské a latinské resumé
|
| 740 |
0 |
2 |
|a Příspěvek k monografii rodu Plagiothecium Bryol. eur. s. str.
|
| 830 |
|
0 |
|a Spisy vydávané Přírodovědeckou fakultou Masarykovy university.
|n Řada L
|
| 910 |
|
|
|a BOA001
|b X-0333.738
|
| 990 |
|
|
|a BK
|
| 991 |
|
|
|b 201907
|
| 996 |
7 |
|
|b 2618999887
|c X-0333.738
|l MZK
|r Sklad / do 24 hodin
|n 0
|w 001737167
|u 000010
|a 1
|e BOA001
|j MZK50
|s A
|
| 996 |
6 |
|
|b 2618999888
|c X-0333.738
|l MZK
|r Sklad / do 24 hodin
|n 0
|w 001737167
|u 000020
|a 1
|e BOA001
|j MZK50
|s P
|